[Event "DSM WK M 2015"]
[Site "Karlsruhe GER"]
[Date "2015.05.09"]
[Round "4"]
[White "Nast, Lara"]
[Black "Groß, Sarah"]
[Result "1-0"]
[Termination "normal"]
[Board "6.4"]
[WhiteElo "800"]
[BlackElo "800"]
[WhiteTeam "Kant-Gymnasium Karlsruhe"]
[BlackTeam "Gymnasium Gadebusch"]
[PlyCount "117"]
[WhiteFideId "16259831"]
[EventCountry "GER"]
[EventRounds "7"]
[EventType "team-swiss"]
[EventDate "2015.05.07"]

1. d4 d5 2. Nc3 Nf6 3. Nf3 Bg4 4. Bg5 Bxf3 5. exf3 h6 6. Bb5+ c6 7. Bxf6 exf6
8. Qe2+ Be7 9. Bd3 O-O 10. O-O-O g6 11. Qe3 Re8 12. Qxh6 Bd6 13. g3 a5 14. f4
f5 15. f3 Qf6 16. Rde1 Re7 17. Qg5 Qxd4 18. Rxe7 Bxe7 19. Qxe7 Na6 20. g4 Nb4
21. Rd1 Kg7 22. gxf5 gxf5 23. Qg5+ Kf8 24. Bxf5 Qe3+ 25. Rd2 Qe1+ 26. Nd1 Re8
27. Qh6+ Ke7 28. Qg5+ Kd6 29. Qg2 Kc7 30. Qf2 Qxf2 31. Nxf2 Re1+ 32. Nd1 f6 33.
h4 Rh1 34. a3 Na6 35. Re2 Rxh4 36. Re7+ Kb8 37. Re8+ Ka7 38. Rf8 c5 39. Nc3 d4
40. Nd5 c4 41. Nxf6 Rh1+ 42. Kd2 Nc5 43. Rc8 c3+ 44. bxc3 dxc3+ 45. Kxc3 Na4+
46. Kb3 Nb6 47. Rc5 Rb1+ 48. Ka2 Rc1 49. Rxa5+ Kb8 50. Nd5 Nc4 51. Rc5 Nd2 52.
Bc8 Ka8 53. f5 Rxc2+ 54. Rxc2 Nxf3 55. f6 Ka7 56. f7 Ng5 57. f8=Q Nh7 58. Qe7
Kb8 59. Qxb7# 1-0

[Event "DSM WK M 2015"]
[Site "Karlsruhe GER"]
[Date "2015.05.09"]
[Round "4"]
[White "Möller, Hannah"]
[Black "Neumann, Tina"]
[Result "1-0"]
[Termination "time forfeit"]
[Board "7.1"]
[WhiteElo "1485"]
[BlackElo "1284"]
[WhiteTeam "Franziskusgymnasium Lingen"]
[BlackTeam "Veit-Ludwig-von-Seckendorff-Gymnasium Meuselwitz"]
[PlyCount "76"]
[WhiteFideId "1270514"]
[BlackFideId "16212371"]
[EventCountry "GER"]
[EventRounds "7"]
[EventType "team-swiss"]
[EventDate "2015.05.07"]

1. Nf3 d6 2. g3 g6 3. Bg2 Bg7 4. c4 Nf6 5. Nc3 O-O 6. O-O Nc6 7. d3 Re8 8. Bd2
e5 9. Qc1 Ne7 10. Bh6 Bh8 11. Rb1 c6 12. b4 a6 13. a4 Bd7 14. h3 Qc7 15. Qd2
Rec8 16. Rfc1 b6 17. Nh4 Rab8 18. Rd1 d5 19. Bg5 d4 20. Na2 c5 21. b5 a5 22.
Kh2 Re8 23. f4 Nf5 24. Nxf5 Bxf5 25. fxe5 Qxe5 26. Bf4 Qxe2 27. Qxe2 Rxe2 28.
Bxb8 Rxa2 29. Ra1 Rxa1 30. Rxa1 Bxd3 31. Ba7 Nd7 32. Bd5 Ne5 33. Bxb6 Nd7 34.
Bxa5 Be5 35. Bd2 Kg7 36. a5 f5 37. a6 Bb8 38. a7 Bc7 1-0

[Event "DSM WK M 2015"]
[Site "Karlsruhe GER"]
[Date "2015.05.09"]
[Round "4"]
[White "Meyer, Jessica"]
[Black "Surmann, Imke"]
[Result "1-0"]
[Termination "normal"]
[Board "7.2"]
[WhiteElo "1040"]
[BlackElo "800"]
[WhiteTeam "Veit-Ludwig-von-Seckendorff-Gymnasium Meuselwitz"]
[BlackTeam "Franziskusgymnasium Lingen"]
[PlyCount "49"]
[WhiteFideId "16230019"]
[EventCountry "GER"]
[EventRounds "7"]
[EventType "team-swiss"]
[EventDate "2015.05.07"]

1. e4 d6 2. d4 Nc6 3. Nf3 Bg4 4. c3 g6 5. Be3 Bg7 6. Nbd2 Nf6 7. h3 Be6 8. d5
Qd7 9. dxe6 Qxe6 10. Qc2 O-O 11. Bc4 Qd7 12. O-O-O Na5 13. Be2 d5 14. e5 Ne8
15. Bd4 Bh6 16. g4 g5 17. Rdg1 Rc8 18. b4 Nc4 19. Nxc4 dxc4 20. Bxc4 Qc6 21.
Be2 Rd8 22. h4 gxh4+ 23. g5 Bg7 24. Rxh4 b5 25. Qxh7# 1-0

[Event "DSM WK M 2015"]
[Site "Karlsruhe GER"]
[Date "2015.05.09"]
[Round "4"]
[White "Schäfer, Leonie"]
[Black "Wilmar, Anna"]
[Result "1/2-1/2"]
[Termination "normal"]
[Board "7.3"]
[WhiteElo "792"]
[BlackElo "800"]
[WhiteTeam "Franziskusgymnasium Lingen"]
[BlackTeam "Veit-Ludwig-von-Seckendorff-Gymnasium Meuselwitz"]
[PlyCount "169"]
[WhiteFideId "16241851"]
[EventCountry "GER"]
[EventRounds "7"]
[EventType "team-swiss"]
[EventDate "2015.05.07"]

1. c4 e5 2. Nc3 Nf6 3. e3 Bb4 4. Nge2 d5 5. b3 d4 6. exd4 exd4 7. Nb5 Nc6 8.
Bb2 d3 9. Nf4 Qe7+ 10. Ne2 dxe2 11. Bxe2 a6 12. Nc3 Bxc3 13. Bxc3 O-O 14. O-O
Ne4 15. Bb2 Qg5 16. Bc1 Nd4 17. d3 Qe5 18. dxe4 Nxe2+ 19. Qxe2 Qxa1 20. Ba3 Qf6
21. Bxf8 Kxf8 22. e5 Qg6 23. Kh1 Be6 24. f3 Re8 25. Qd2 f6 26. Qb4+ Kf7 27.
exf6 Qxf6 28. Qxb7 Qe7 29. Qxa6 Bd7 30. a3 c5 31. Qb7 Bc8 32. Qxe7+ Rxe7 33.
Kg1 Rb7 34. Rb1 Ke7 35. h4 Bf5 36. Rb2 h5 37. Kf2 Kf6 38. a4 Ke5 39. a5 Ra7 40.
Ra2 Kd4 41. a6 Kc3 42. Ra3 Kb4 43. Ra1 Kxb3 44. Rg1 Kxc4 45. Ke3 g6 46. Kf4
Rxa6 47. g4 hxg4 48. fxg4 Bd7 49. h5 Kd5 50. hxg6 Rxg6 51. Rd1+ Kc6 52. Rg1 c4
53. Rg3 Kd5 54. g5 Kd4 55. Kf3 c3 56. Ke2 Bb5+ 57. Kd1 Bd3 58. Rg4+ Be4 59. Rg3
Rc6 60. Rg4 c2+ 61. Kc1 Kc3 62. Rxe4 Kd3 63. Rb4 Rc5 64. g6 Kc3 65. Rb7 Rg5 66.
Rc7+ Kd3 67. g7 Rg1+ 68. Kb2 Rg2 69. Rd7+ Kc4 70. Rc7+ Kd3 71. Rd7+ Kc4 72.
Rc7+ Kd3 73. Rd7+ Ke4 74. Re7+ Kf5 75. Rf7+ Ke6 76. Rc7 c1=Q+ 77. Kxc1 Kf6 78.
g8=Q Rxg8 79. Rc6+ Ke7 80. Rc7+ Kf6 81. Rc6+ Kg5 82. Rc5+ Kh6 83. Kc2 Rd8 84.
Rc6+ Kg5 85. Rc5+ 1/2-1/2

[Event "DSM WK M 2015"]
[Site "Karlsruhe GER"]
[Date "2015.05.09"]
[Round "4"]
[White "Jubelt, Lea"]
[Black "Koopmann, Jasmin"]
[Result "0-1"]
[Termination "normal"]
[Board "7.4"]
[WhiteElo "696"]
[BlackElo "800"]
[WhiteTeam "Veit-Ludwig-von-Seckendorff-Gymnasium Meuselwitz"]
[BlackTeam "Franziskusgymnasium Lingen"]
[PlyCount "74"]
[EventCountry "GER"]
[EventRounds "7"]
[EventType "team-swiss"]
[EventDate "2015.05.07"]

1. e4 d6 2. Nf3 Nf6 3. Nc3 g6 4. Bb5+ Bd7 5. d3 Bg7 6. O-O a6 7. Ba4 Nc6 8. Be3
Bg4 9. h3 Be6 10. d4 Bc4 11. Re1 O-O 12. e5 Nh5 13. b3 b5 14. bxc4 bxa4 15.
Nxa4 Rb8 16. c5 Rb4 17. c3 Rb7 18. cxd6 cxd6 19. exd6 Qxd6 20. Rc1 Nf4 21. g3
Nxh3+ 22. Kg2 Qe6 23. Bd2 Qf5 24. g4 Qxg4+ 25. Kf1 Bf6 26. Nh2 Qg1+ 27. Ke2
Qxh2 28. Nc5 Qxf2+ 29. Kd3 Rb2 30. Rc2 Qg3+ 31. Be3 Nf4+ 32. Kd2 Rb6 33. Nd3
Nd5 34. Bf2 Bg5+ 35. Ke2 Qg4+ 36. Kf1 Qh3+ 37. Ke2 Nf4+ 0-1

[Event "DSM WK M 2015"]
[Site "Karlsruhe GER"]
[Date "2015.05.09"]
[Round "4"]
[White "Shevchenko, Alyona"]
[Black "Marquard, Chantal"]
[Result "1-0"]
[Termination "normal"]
[Board "8.1"]
[WhiteElo "941"]
[BlackElo "800"]
[WhiteTeam "Goethe-Gymnasium Karlsruhe"]
[BlackTeam "Oberschule Adolph Diesterweg Hennigsdorf"]
[PlyCount "75"]
[WhiteFideId "12983420"]
[EventCountry "GER"]
[EventRounds "7"]
[EventType "team-swiss"]
[EventDate "2015.05.07"]

1. e4 e5 2. Nf3 Nc6 3. Bc4 Bc5 4. c3 d6 5. h3 Be6 6. Bb3 d5 7. d4 Nf6 8. dxc5
b6 9. cxb6 cxb6 10. Bg5 h6 11. Bxf6 Qxf6 12. exd5 Bd7 13. dxc6 Bxc6 14. O-O O-O
15. Qe2 Rac8 16. Qxe5 Rfe8 17. Qxf6 gxf6 18. Nbd2 Re7 19. Rfe1 Rd7 20. Ne4 f5
21. Nf6+ Kg7 22. Nxd7 Bxd7 23. Re7 Bc6 24. Nd4 Ba8 25. Rxa7 Be4 26. Rd1 Kg6 27.
f3 Ba8 28. Ra6 Bb7 29. Rxb6+ Kg7 30. Rxb7 Re8 31. Rxf7+ Kg6 32. Rxf5 h5 33.
Bf7+ Kg7 34. Bxe8 h4 35. Nc6 Kh6 36. Rd6+ Kh7 37. Rg5 Kh8 38. Rh6# 1-0

[Event "DSM WK M 2015"]
[Site "Karlsruhe GER"]
[Date "2015.05.09"]
[Round "4"]
[White "Kiefhaber, Marlene"]
[Black "Fischer, Trixy"]
[Result "0-1"]
[Termination "normal"]
[Board "8.3"]
[WhiteElo "839"]
[BlackElo "800"]
[WhiteTeam "Goethe-Gymnasium Karlsruhe"]
[BlackTeam "Oberschule Adolph Diesterweg Hennigsdorf"]
[PlyCount "78"]
[BlackFideId "16217462"]
[EventCountry "GER"]
[EventRounds "7"]
[EventType "team-swiss"]
[EventDate "2015.05.07"]

1. e4 e5 2. Nf3 Nc6 3. Nc3 Nf6 4. Bb5 a6 5. Ba4 Bc5 6. O-O O-O 7. d3 d6 8. Be3
h6 9. d4 Bb6 10. dxe5 Nh5 11. Ne2 dxe5 12. Qxd8 Rxd8 13. Rad1 Be6 14. Bxb6 cxb6
15. Rd3 Bc4 16. Rc3 Bxe2 17. Re1 Bxf3 18. Rxf3 Nd4 19. Rh3 Nf4 20. Rh4 Nfe2+
21. Rxe2 Nxe2+ 22. Kf1 Nc1 23. g3 b5 24. Bb3 Nxb3 25. axb3 Rd1+ 26. Kg2 a5 27.
f4 Rd2+ 28. Kh3 Rxc2 29. fxe5 Rxb2 30. e6 fxe6 31. e5 Rxb3 32. Kg4 a4 33. Kh5
a3 34. g4 a2 35. h3 a1=Q 36. g5 Qd1+ 37. Kg6 Qd2 38. gxh6 Rg3+ 39. Rg4 Qxh6#
0-1

[Event "DSM WK M 2015"]
[Site "Karlsruhe GER"]
[Date "2015.05.09"]
[Round "4"]
[White "Uhn, Jeannine"]
[Black "Linder, Tabea"]
[Result "0-1"]
[Termination "normal"]
[Board "8.4"]
[WhiteElo "800"]
[BlackElo "800"]
[WhiteTeam "Oberschule Adolph Diesterweg Hennigsdorf"]
[BlackTeam "Goethe-Gymnasium Karlsruhe"]
[PlyCount "78"]
[EventCountry "GER"]
[EventRounds "7"]
[EventType "team-swiss"]
[EventDate "2015.05.07"]

1. e4 e5 2. Nf3 Nc6 3. Nc3 Nf6 4. Bc4 Bc5 5. d3 O-O 6. Be3 d6 7. O-O Bd7 8. Qe2
Bd4 9. Bxd4 exd4 10. Nb5 Bg4 11. h3 Be6 12. b3 Bd7 13. e5 dxe5 14. Nxe5 Re8 15.
Rae1 Qe7 16. Qd1 Nxe5 17. Rxe5 Qxe5 18. g3 Bc6 19. f4 Qe3+ 20. Rf2 Qe1+ 21.
Qxe1 Rxe1+ 22. Rf1 Re2 23. Nxc7 Rc8 24. Rf2 Re7 25. Nb5 a6 26. Na7 Rcc7 27. a4
Re8 28. Nxc6 bxc6 29. Bxa6 Ra7 30. Bc4 Nh5 31. Rg2 Rae7 32. Kf2 Kf8 33. Kf3 f5
34. g4 Re3+ 35. Kf2 Nxf4 36. Rg3 Re1 37. a5 g5 38. b4 Ra1 39. Kf3 Rf1# 0-1

[Event "DSM WK M 2015"]
[Site "Karlsruhe GER"]
[Date "2015.05.09"]
[Round "4"]
[White "Hiller, Samira"]
[Black "Bachmann, Paula"]
[Result "1-0"]
[Termination "normal"]
[Board "9.1"]
[WhiteElo "959"]
[BlackElo "800"]
[WhiteTeam "Martin-Andersen-Nexö-Gymnasium Dresden"]
[BlackTeam "Oberschule Am Barkhof Bremen"]
[PlyCount "45"]
[EventCountry "GER"]
[EventRounds "7"]
[EventType "team-swiss"]
[EventDate "2015.05.07"]

1. e4 e5 2. Nf3 d6 3. h3 Nc6 4. Nc3 Nf6 5. Bc4 Be6 6. Bxe6 fxe6 7. d3 d5 8.
exd5 exd5 9. Bg5 d4 10. Ne4 Be7 11. Bxf6 gxf6 12. O-O f5 13. Ng3 Bd6 14. Nxf5
Bc5 15. Re1 O-O 16. Nh6+ Kg7 17. Ng4 e4 18. dxe4 h5 19. Nge5 h4 20. Nxc6 bxc6
21. Nxh4 a5 22. Qg4+ Kh6 23. Qg6# 1-0

[Event "DSM WK M 2015"]
[Site "Karlsruhe GER"]
[Date "2015.05.09"]
[Round "4"]
[White "Hobrecht, Marei"]
[Black "Gramova, Tania"]
[Result "0-1"]
[Termination "normal"]
[Board "9.2"]
[WhiteElo "800"]
[BlackElo "822"]
[WhiteTeam "Oberschule Am Barkhof Bremen"]
[BlackTeam "Martin-Andersen-Nexö-Gymnasium Dresden"]
[PlyCount "120"]
[EventCountry "GER"]
[EventRounds "7"]
[EventType "team-swiss"]
[EventDate "2015.05.07"]

1. e4 e5 2. Nf3 Nc6 3. Bc4 Bc5 4. Nc3 Nf6 5. O-O O-O 6. d3 h6 7. Be3 Bxe3 8.
fxe3 d6 9. Re1 Bg4 10. d4 Rb8 11. d5 Na5 12. a3 Nxc4 13. Qd3 Nb6 14. a4 Bxf3
15. gxf3 c6 16. Re2 cxd5 17. exd5 Qc7 18. Rg2 Qc4 19. Qd2 Nbxd5 20. Qf2 Ne7 21.
Qg3 Nf5 22. Qh3 Qh4 23. Qxf5 Qh5 24. Rxg7+ Kxg7 25. Qd3 Rbd8 26. Rf1 Qg6+ 27.
Kh1 Qxd3 28. cxd3 d5 29. Rg1+ Kh7 30. e4 dxe4 31. fxe4 Rxd3 32. Rg3 Rxg3 33.
hxg3 Rc8 34. Kg2 Rc4 35. Kh3 Nxe4 36. Kg4 Nxc3+ 37. Kf5 Nxa4 38. b3 Rc3 39.
bxa4 Rxg3 40. Kxe5 Ra3 41. Kf6 Kg8 42. Ke5 Rxa4 43. Kf5 Ra6 44. Kg4 Kg7 45. Kf5
Re6 46. Kg4 Re5 47. Kf4 Ra5 48. Ke4 Kf6 49. Kd4 Ke6 50. Kc4 Rh5 51. Kd4 Rg5 52.
Ke4 Rg4+ 53. Kf3 Ra4 54. Ke3 Kd5 55. Kd3 Ra3+ 56. Kd2 Kc4 57. Ke2 Kd4 58. Kd2
Ra2+ 59. Kd1 Kc3 60. Kc1 Ra1# 0-1

[Event "DSM WK M 2015"]
[Site "Karlsruhe GER"]
[Date "2015.05.09"]
[Round "4"]
[White "Weber, Alexandra"]
[Black "Matern, Alexa"]
[Result "1-0"]
[Termination "normal"]
[Board "9.3"]
[WhiteElo "843"]
[BlackElo "800"]
[WhiteTeam "Martin-Andersen-Nexö-Gymnasium Dresden"]
[BlackTeam "Oberschule Am Barkhof Bremen"]
[PlyCount "63"]
[EventCountry "GER"]
[EventRounds "7"]
[EventType "team-swiss"]
[EventDate "2015.05.07"]

1. e4 e5 2. Nf3 Nc6 3. Bb5 Bb4 4. Nc3 Nf6 5. a3 Bc5 6. d3 d6 7. Bg5 Bg4 8. Nd5
h6 9. Bh4 a6 10. Ba4 Bb6 11. Qd2 Ba5 12. b4 Bb6 13. h3 Bxf3 14. Nxf6+ gxf6 15.
gxf3 Bd4 16. Rb1 Qd7 17. Bxf6 Rg8 18. Ke2 Qe6 19. Qxh6 Rg6 20. Qh8+ Kd7 21.
Qxa8 Qxf6 22. Qxb7 Kd8 23. Qxc6 Ke7 24. Qd7+ Kf8 25. Qe8+ Kg7 26. h4 Rh6 27.
Rbg1+ Qg6 28. Rxg6+ fxg6 29. Qe7+ Kg8 30. Bb3+ Kh8 31. Qf8+ Kh7 32. Qg8# 1-0

[Event "DSM WK M 2015"]
[Site "Karlsruhe GER"]
[Date "2015.05.09"]
[Round "4"]
[White "Issifou, Yusra"]
[Black "Hutschenreiter, Pia"]
[Result "1-0"]
[Termination "normal"]
[Board "9.4"]
[WhiteElo "800"]
[BlackElo "800"]
[WhiteTeam "Oberschule Am Barkhof Bremen"]
[BlackTeam "Martin-Andersen-Nexö-Gymnasium Dresden"]
[PlyCount "107"]
[EventCountry "GER"]
[EventRounds "7"]
[EventType "team-swiss"]
[EventDate "2015.05.07"]

1. d4 Nc6 2. Nf3 e5 3. dxe5 d5 4. Nc3 Bb4 5. Bg5 f6 6. Bf4 Bc5 7. Nxd5 Nge7 8.
Nxe7 Bb4+ 9. Nd2 Qxe7 10. c3 Ba5 11. e3 O-O 12. Bc4+ Be6 13. h3 Rad8 14. O-O
Bxc4 15. Nxc4 Rxd1 16. Raxd1 b6 17. Na3 Qd8 18. Rxd8 Nxd8 19. exf6 Rxf6 20. Rd1
Rf8 21. Bxc7 Ne6 22. Bd6 Rd8 23. b4 Re8 24. bxa5 bxa5 25. Nb5 Rc8 26. Nxa7 Ra8
27. Nb5 Rc8 28. a4 Kf7 29. f4 Kg8 30. g3 h6 31. e4 g5 32. f5 Nd8 33. g4 Nb7 34.
Be7 Ra8 35. Rd7 Rb8 36. f6 Kf7 37. c4 Ke6 38. Rd5 Kf7 39. c5 Rc8 40. e5 Ke6 41.
Nc3 Kf7 42. Kf2 Ke6 43. Kg3 Kf7 44. h4 Kg6 45. e6 h5 46. f7 Kg7 47. c6 Nc5 48.
Rxc5 Rh8 49. Rxg5+ Kh6 50. f8=Q+ Rxf8 51. Bxf8+ Kh7 52. e7 hxg4 53. e8=Q Kh8
54. Qh5# 1-0